Vizi capitali - Statistics

Statistiche generali
  • Questo quiz è stato fatto 174 volte
  • Il punteggio medio è 5 su 7
Statistiche sulle risposte
Vizi capitali % Corretto
Gola
91%
Lussuria
89%
Accidia
77%
Ira
72%
Avarizia
70%
Invidia
70%
Superbia:
59%
Nessun quiz corrispondente trovato
Distribuzione punteggi
Percentuale di utenti per punteggio
Percentile per numero di risposta
I tuoi punteggi nel tempo
Non hai fatto questo quiz